| 000 | 00794nam a2200265Ia 4500 | ||
|---|---|---|---|
| 001 | dia_2475 | ||
| 003 | CHAP | ||
| 005 | 20230614104159.0 | ||
| 008 | 220117s2001 xx 000 0 und d | ||
| 010 | _a172998 | ||
| 040 | _cCHAP | ||
| 082 | _a664.02 R5 | ||
| 100 |
_aRichardson, Philip ed. _9152970 |
||
| 245 |
_aThermal Technologies in Food Processing / _c by Philip Richardson |
||
| 260 |
_aCambridge, England : _b Crc press, _c2001 |
||
| 300 | _a294 p. | ||
| 400 | _aWOODHEAD PUBLISHING IN FOOD SCIENCE AND TECHNOLOGY | ||
| 500 | _aI.216837 | ||
| 650 |
_a1.Alimentos _xtecnologĂa/ _9148925 |
||
| 650 |
_aTecnologĂa de alimentos. _9152971 |
||
| 901 | _a664.02 R5 | ||
| 902 | _aM | ||
| 905 | _a0000002001 CAMA 0000000000ING00 | ||
| 942 |
_cLIBRO _2ddc |
||
| 999 |
_c172998 _d172998 |
||